000 00326nam a22001457a 4500
020 _a978-81-7700-222-5
082 _a530
_bARO/P
100 _aARORA, S.L
245 _aXII PHYSICS
_bNEW SIMPLIFIED
260 _aDELHI
_bDHANPAT RAI & CO
_c2023
300 _a7.134
520 _aXII PHYSICS
650 _aREFERENCE
942 _cBK
999 _c7159
_d7159